Chansons de Queen - Statistiques

Statistiques générales
  • Ce quiz a été pris 112 fois
  • Le résultat moyen est 7 sur 22
Statistiques - réponses
paroles chanson % Correct
You got blood on your face You big disgrace Wavin' your banner all over the place We will rock you
86%
I'm a shooting star leaping through the sky Like a tiger defying the laws of gravity I'm a racing car passing by like Lady Godiva Don't stop me now
68%
But now I've gone and thrown it all away Bohemian Rhapsody
67%
So don't become some background noise A backdrop for the girls and boys Who just don't know or just don't care Radio Ga Ga
50%
How do you think I'm gonna get along
Without you when you're gone?
You took me for everything that I had
And kicked me out on my own
Another one bites the dust
41%
Drop of a hat she's as willing as playful as a pussy cat Then momentarily out of action, temporarily out of gas To absolutely drive you wild, wild Killer Queen
40%
Another hero, another mindless crime Behind the curtain in the pantomime The show must go on
40%
Screaming "let me out!" Pray tomorrow takes me higher Under Pressure
36%
You've brought me fame and fortune And everything that goes with it I thank you all We are the Champions
35%
One flesh one bone, one true religion One Vision
34%
Yesterday my life was in ruin Now today I know what I'm doing Got a feeling, I should be doing all right Doing All Right
24%
Got no feel I got no rhythm I just keep losing my beat Somebody to Love
22%
Cartier I say please
Income tax I say Jesus
I don't want to be a candidate for Vietnam or Watergate
Bicycle race
19%
Hey he used to be a man with a stick in his hand Hoop diddy diddy - hoop diddy do She used to be a woman with a hot dog stand Hoop diddy diddy - hoop diddy do Now you've got soup in the laundry bag Headlong
19%
Life is tough - on your own Now I'm waiting for something to fall from the skies And I'm waiting for love It's a hard life
18%
When sunny skies break through behind the clouds I wish, it could last forever, yeah Wish, it could last forever, forever Made in Heaven
16%
You say it's enough, in fact it's too much Everytime I wanna get down, get down, get down Get down make love
14%
So take a chance with me Let me romance with you I'm caught in a dream I was born to love you
11%
A baby I was when you took my hand And the light of the night burned bright And the people all stared didn’t understand But you knew my name on sight Now I'm here
9%
snakes in your eyes long legs, great thighs you've got the cutest ass I've ever seen Body language
8%
What is there left for me to do in this life, Did i achieve what i had set in my sights, Am i a happy man, or is this sinking sand, Was it all worth it
7%
Wouldn't you like to know? Wouldn't you like to know, people? Great King Rat
6%
Aucun quiz correspondant
Distribution des résultats
% des personnes avec chaque résultat
Percentile par nombre de réponses
Votre historique - résultats
Vous n’avez pas pris ce quiz